Winning With Data Science: A Handbook for Business Leaders (Record no. 43356)

MARC details
000 -LEADER
fixed length control field 00549nam a22001697a 4500
005 - DATE AND TIME OF LATEST TRANSACTION
control field 20250324121909.0
008 - FIXED-LENGTH DATA ELEMENTS--GENERAL INFORMATION
fixed length control field 250324b |||||||| |||| 00| 0 eng d
020 ## - INTERNATIONAL STANDARD BOOK NUMBER
International Standard Book Number 9780231206860
041 ## - LANGUAGE CODE
Language code of text/sound track or separate title Eng
082 ## - DEWEY DECIMAL CLASSIFICATION NUMBER
Classification number 658.4033 FRI
100 ## - MAIN ENTRY--PERSONAL NAME
Author Freidman, Howard Steven
245 ## - TITLE STATEMENT
Title Winning With Data Science: A Handbook for Business Leaders
260 ## - PUBLICATION, DISTRIBUTION, ETC.
Place New York
Publisher Columbia Business School Publishing
Publication Year 2024
300 ## - PHYSICAL DESCRIPTION
Extent 259;. P. 23 cm
650 ## - SUBJECT ADDED ENTRY--TOPICAL TERM
Subject Management-Statistical Methods; Databases; Data Mining; Electronic Data Processing
942 ## - ADDED ENTRY ELEMENTS (KOHA)
Koha item type Books
Holdings
Withdrawn status Lost status Source of classification or shelving scheme Damaged status Not for loan Home library Current library Shelving location Accession Date Vendor Price Bill number Total Checkouts Full call number Barcode No Date last seen Date last checked out Discount Bill Date Koha item type Suggested By
    Dewey Decimal Classification     IMTN IMTN Rack 26-B 03/18/2025 Raghav Books Private Limited 2300.00 2374 1 658.4033 FRI 33647 11/16/2025 05/23/2025 30 02/14/2025 Books Dr. Kedareshwaran S. (VF)
Designed & Maintained by: LRC IMT Nagpur Contact: lrc@imtnag.ac.in© 2024. All Rights Reserved.